ARRUPE JESUIT UNIVERSITY

CORONAVIRUS -STOP THE SPREAD - CLEAN,DISINFECT,COVER

Romero; (Record no. 131709)

MARC details
000 -LEADER
fixed length control field 00472nam a22001457a 4500
008 - FIXED-LENGTH DATA ELEMENTS--GENERAL INFORMATION
fixed length control field 230327b |||||||| |||| 00| 0 eng d
020 ## - INTERNATIONAL STANDARD BOOK NUMBER
International Standard Book Number 0946848491.
050 ## - LIBRARY OF CONGRESS CALL NUMBER
Classification number BX1751.2.R763 1982
100 ## - MAIN ENTRY--PERSONAL NAME
Personal name Sobrino, Jon sj
9 (RLIN) 52265
245 ## - TITLE STATEMENT
Title Romero;
Remainder of title Martyr for liberation,
Statement of responsibility, etc Jon Sobrino sj.
260 ## - PUBLICATION, DISTRIBUTION, ETC. (IMPRINT)
Place of publication, distribution, etc United Kingdom:
Name of publisher, distributor, etc Catholic institute for International Relations,
Date of publication, distribution, etc 1982
300 ## - PHYSICAL DESCRIPTION
Extent viii;
Other physical details 76p;
Dimensions 21cm.
650 ## - SUBJECT ADDED ENTRY--TOPICAL TERM
Topical term or geographic name as entry element Theology,catholic.
9 (RLIN) 52266
942 ## - ADDED ENTRY ELEMENTS (KOHA)
Source of classification or shelving scheme Library of Congress Classification
Item type Monograph ( Printed materials)
Holdings
Withdrawn status Lost status Source of classification or shelving scheme Damaged status Not for loan Home library Current library Shelving location Date acquired Total Checkouts Full call number Barcode Date last seen Price effective from Koha item type
    Library of Congress Classification     ARRUPE LIBRARY ARRUPE LIBRARY Main Collection 27/03/2023   BX1751.2.R763 1982 46700000247 27/03/2023 27/03/2023 Monograph ( Printed materials)

 

Arrupe Library. PO Box MP320 Mt Pleasant, Harare, Zimbabwe
263 242 745411|librarian@aju.ac.zw